Der Handschuh - Ballade Friedrich Schiller - Statistiken

Allgemein
  • Dieses Quiz wurde 20 mal gespielt
  • Das Durchschnittsergebnis liegt bei 126 aus 316
Antwortstatistiken
Antwort % Korrekt
Handschuh
85%
ich
85%
Und
85%
er
77%
er
77%
Hand
77%
Handschuh
77%
Handschuh
77%
Handschuh
77%
sie
77%
Und
77%
Und
77%
Und
77%
Und
77%
Und
77%
Und
77%
Und
77%
Und
77%
Und
77%
zu
77%
Da
69%
Das
69%
den
69%
"Den
69%
der
69%
der
69%
der
69%
er
69%
Handschuh
69%
ihr
69%
in
69%
mit
69%
mit
69%
Mit
69%
Und
69%
Und
69%
Und
69%
Und
69%
Vor
69%
Da
62%
dem
62%
den
62%
der
62%
der
62%
die
62%
Die
62%
die
62%
die
62%
Ein
62%
er
62%
er
62%
er
62%
er
62%
Er
62%
Gesicht:
62%
ins
62%
Mit
62%
nicht",
62%
seinem
62%
sie
62%
Und
62%
und
62%
Und
62%
Und
62%
Und
62%
Und
62%
und
62%
und
62%
Und
62%
da
54%
Da
54%
Da
54%
Dame,
54%
den
54%
den
54%
den
54%
den
54%
den
54%
den
54%
den
54%
der
54%
der
54%
der
54%
Ein
54%
Ein
54%
erwarten,
54%
Franz,
54%
Großen
54%
Ihr
54%
in
54%
in
54%
Kampfspiel
54%
König
54%
Löwe
54%
mit
54%
mit
54%
mit
54%
mit
54%
Mit
54%
mit
54%
mit
54%
mit
54%
mit
54%
Saß
54%
um
54%
um,
54%
Und
54%
wie
54%
wirft
54%
zur
54%
auf
46%
aus,
46%
Dank,
46%
das
46%
dem
46%
die
46%
Die
46%
die
46%
die
46%
Ei,
46%
Ein
46%
Finger,
46%
im
46%
im
46%
Löwengarten,
46%
sich
46%
sich
46%
sich
46%
sieht
46%
so
46%
so
46%
weite
46%
Wie
46%
wieder,
46%
zu
46%
zu
46%
auf
38%
aus
38%
begehr
38%
das
38%
Das
38%
Gähnen,
38%
ihn
38%
ist
38%
König
38%
Krone,
38%
legt
38%
Lieb
38%
Löwen
38%
mir
38%
rings
38%
Rings
38%
Schritt
38%
sein
38%
sein
38%
sich
38%
stumm
38%
Tiger
38%
tritt
38%
Von
38%
von
38%
von
38%
Wie
38%
wieder;
38%
winkt
38%
winkt
38%
Zur
38%
Zwei
38%
Zwinger,
38%
Aber
31%
Auf
31%
auf,
31%
auf."
31%
Auftut
31%
aus
31%
Balkone
31%
bedächtigem
31%
Damen
31%
des
31%
Einen
31%
einmal
31%
Finger.
31%
Glieder
31%
hebt
31%
herum
31%
hohem
31%
ihn
31%
König
31%
Kranz.
31%
Kreis,
31%
langem
31%
laut,
31%
Mähnen
31%
nieder.
31%
öffnet
31%
schönem
31%
schüttelt
31%
selben
31%
sich
31%
sich
31%
sich
31%
streckt
31%
Stunde.
31%
Tor,
31%
verläßt
31%
Weis
31%
winkt
31%
zweites
31%
behend
23%
Brüllt
23%
Daraus
23%
doppelt
23%
Empfängt
23%
erschaut,
23%
festem
23%
Fräulein
23%
Gebrüll
23%
geöffnete
23%
Glück -
23%
Grauen
23%
Haus
23%
hervor,
23%
hinab
23%
hinein
23%
ihm
23%
ihm
23%
jedem
23%
jeder
23%
Kunigund:
23%
Kunigunde.
23%
Lauf
23%
Leoparden
23%
Leu
23%
Leu
23%
Mitte
23%
rennt
23%
Richtet
23%
Ritter
23%
Ritter,
23%
Ritter
23%
Ritter
23%
seinen
23%
sich
23%
Sprunge
23%
Stund,
23%
Tatzen,
23%
Tiger
23%
wildem
23%
zurück,
23%
Zwinger
23%
Altans
15%
bringt
15%
Delorges
15%
Drauf
15%
Edelfrauen,
15%
Eure
15%
fällt
15%
Fräulein
15%
furchtbaren
15%
gelassen
15%
greulichen
15%
Grimmig
15%
grimmigen
15%
heiß,
15%
heiß,
15%
"Herr
15%
hinein.
15%
Kampfbegier
15%
Katzen.
15%
keckem
15%
Kreise
15%
Lagern
15%
Leun
15%
Liebesblick -
15%
Lob
15%
mirs
15%
Mitten
15%
Mordsucht
15%
Munde,
15%
murrend
15%
mutiger
15%
nahes
15%
nieder.
15%
Nimmt
15%
packt
15%
Rand
15%
Reif,
15%
schallt
15%
scheu
15%
Schlägt
15%
schnellem
15%
schnurrend,
15%
schöner
15%
Schritte,
15%
Schweif
15%
schwört
15%
Sehens
15%
Seite
15%
speit
15%
spottender
15%
Steigt
15%
still;
15%
streckt
15%
stürzen
15%
Tigertier,
15%
Umgeht
15%
Ungeheuer
15%
verheißt
15%
Wendet
15%
wirds
15%
zärtlichem
15%
Zwischen
15%
Erstaunen
8%
furchtbarn
8%
recket
8%
Zunge,
8%
Keine übereinstimmenden Quizze gefunden
Verteilung der Resultate
Anzahl Personen mit jedem Resultat
Perzentil nach korrekt beantworteten Fragen
Ihre Resultats-Entwicklung
Sie haben dieses Quiz noch nicht gespielt